<?xml version="1.0" encoding="UTF-8"?>
<collection xmlns="http://www.loc.gov/MARC21/slim">
 <record>
  <leader>01393nam a22003255i 4500</leader>
  <controlfield tag="001">30214</controlfield>
  <controlfield tag="003">BD-DhAAL</controlfield>
  <controlfield tag="005">20151026163631.0</controlfield>
  <controlfield tag="008">151026s2015    bg       b    001 0 eng  </controlfield>
  <datafield tag="010" ind1=" " ind2=" ">
   <subfield code="a">  2014359697</subfield>
  </datafield>
  <datafield tag="020" ind1=" " ind2=" ">
   <subfield code="a">9789848866993</subfield>
  </datafield>
  <datafield tag="025" ind1=" " ind2=" ">
   <subfield code="a">B-E-2014359697</subfield>
  </datafield>
  <datafield tag="035" ind1=" " ind2=" ">
   <subfield code="a">(MFDhaka)  2014359697</subfield>
  </datafield>
  <datafield tag="037" ind1=" " ind2=" ">
   <subfield code="b">Library of Congress -- New Delhi Overseas Office</subfield>
  </datafield>
  <datafield tag="040" ind1=" " ind2=" ">
   <subfield code="a">DLC</subfield>
   <subfield code="b">eng</subfield>
   <subfield code="e">rda</subfield>
   <subfield code="c">DLC</subfield>
   <subfield code="d">DLC</subfield>
   <subfield code="d">BD-DhAAL</subfield>
  </datafield>
  <datafield tag="082" ind1=" " ind2=" ">
   <subfield code="2">22</subfield>
   <subfield code="a">320.8095492</subfield>
  </datafield>
  <datafield tag="100" ind1="1" ind2=" ">
   <subfield code="a">Barkat, Abul,</subfield>
   <subfield code="e">author.</subfield>
   <subfield code="9">13014</subfield>
  </datafield>
  <datafield tag="245" ind1="1" ind2="0">
   <subfield code="a">Local governance and decentralization in Bangladesh :</subfield>
   <subfield code="b">politics and economics /</subfield>
   <subfield code="c">Abul Barkat [and six others].</subfield>
  </datafield>
  <datafield tag="260" ind1=" " ind2=" ">
   <subfield code="a">Dhaka :</subfield>
   <subfield code="b">Pathak Shamabesh,</subfield>
   <subfield code="c">2015</subfield>
  </datafield>
  <datafield tag="300" ind1=" " ind2=" ">
   <subfield code="a">xix, 693 pages ;</subfield>
   <subfield code="c">24 cm</subfield>
  </datafield>
  <datafield tag="500" ind1=" " ind2=" ">
   <subfield code="a">&quot;Swiss Agency for Development and Cooperation (SDC); HDRC&quot;.</subfield>
  </datafield>
  <datafield tag="504" ind1=" " ind2=" ">
   <subfield code="a">Includes bibliographical references (pages 660-668) and index.</subfield>
  </datafield>
  <datafield tag="541" ind1=" " ind2=" ">
   <subfield code="e">30214</subfield>
  </datafield>
  <datafield tag="650" ind1=" " ind2=" ">
   <subfield code="a">Decentralization in government</subfield>
   <subfield code="z">Bangladesh</subfield>
   <subfield code="9">14721</subfield>
  </datafield>
  <datafield tag="650" ind1=" " ind2=" ">
   <subfield code="2">Decentralization in government</subfield>
   <subfield code="z">Bangladesh</subfield>
   <subfield code="9">15741</subfield>
  </datafield>
  <datafield tag="710" ind1="2" ind2=" ">
   <subfield code="a">Human Development Research Centre (Dhaka, Bangladesh)</subfield>
   <subfield code="9">15742</subfield>
  </datafield>
  <datafield tag="710" ind1="1" ind2=" ">
   <subfield code="a">Switzerland.</subfield>
   <subfield code="b">Direktion für Entwicklungszusammenarbeit und Humanitäre Hilfe.</subfield>
   <subfield code="9">15743</subfield>
  </datafield>
  <datafield tag="942" ind1=" " ind2=" ">
   <subfield code="2">ddc</subfield>
   <subfield code="c">BK</subfield>
  </datafield>
  <datafield tag="999" ind1=" " ind2=" ">
   <subfield code="c">35921</subfield>
   <subfield code="d">35921</subfield>
  </datafield>
  <datafield tag="952" ind1=" " ind2=" ">
   <subfield code="0">0</subfield>
   <subfield code="1">0</subfield>
   <subfield code="2">ddc</subfield>
   <subfield code="4">0</subfield>
   <subfield code="6">320_809549200000000_BAR</subfield>
   <subfield code="7">0</subfield>
   <subfield code="9">56447</subfield>
   <subfield code="a">IGS</subfield>
   <subfield code="b">IGS</subfield>
   <subfield code="c">GEN</subfield>
   <subfield code="d">2015-10-26</subfield>
   <subfield code="e">IGS</subfield>
   <subfield code="g">1700.00</subfield>
   <subfield code="l">0</subfield>
   <subfield code="o">320.8095492 BAR</subfield>
   <subfield code="p">3010030214</subfield>
   <subfield code="r">2015-10-26</subfield>
   <subfield code="t">1</subfield>
   <subfield code="w">2015-10-26</subfield>
   <subfield code="y">BK</subfield>
  </datafield>
 </record>
</collection>
